| 000 -LEADER |
| fixed length control field |
01074cam a22002414a 4500 |
| 001 - CONTROL NUMBER |
| control field |
12427010 |
| 005 - DATE AND TIME OF LATEST TRANSACTION |
| control field |
20221107163101.0 |
| 008 - FIXED-LENGTH DATA ELEMENTS--GENERAL INFORMATION |
| fixed length control field |
990324s2000 enka b 001 0 eng |
| 020 ## - INTERNATIONAL STANDARD BOOK NUMBER |
| International Standard Book Number |
9781857750980 X |
| 041 ## - LANGUAGE CODE |
| Language code of text/sound track or separate title |
eng |
| 080 ## - UNIVERSAL DECIMAL CLASSIFICATION NUMBER |
| Universal Decimal Classification number |
616.89-008.434 C-73 |
| 245 00 - TITLE STATEMENT |
| Title |
Communication difficulties in childhood : |
| Remainder of title |
a practical guide / |
| Statement of responsibility, etc. |
edited by James Law, Alison Parkinson, with Rashmin Tamhne ; foreword by David Hall. |
| 264 ## - PRODUCTION, PUBLICATION, DISTRIBUTION, MANUFACTURE, AND COPYRIGHT NOTICE |
| Place of production, publication, distribution, manufacture |
Abingdon, Oxon : |
| Name of producer, publisher, distributor, manufacturer |
Radcliffe Medical Press, |
| Date of production, publication, distribution, manufacture, or copyright notice |
2000. |
| 300 ## - PHYSICAL DESCRIPTION |
| Extent |
338 p. : |
| Other physical details |
ill. ; |
| Dimensions |
25 cm. |
| 650 #0 - SUBJECT ADDED ENTRY--TOPICAL TERM |
| Topical term or geographic name entry element |
Communicative disorders in children. |
| 9 (RLIN) |
10708 |
| 653 ## - INDEX TERM--UNCONTROLLED |
| keyword |
კომუნიკაციის სირთულეები ბავშვობაში |
| 653 ## - INDEX TERM--UNCONTROLLED |
| keyword |
მედიცინა |
| 700 1# - ADDED ENTRY--PERSONAL NAME |
| Personal name |
Parkinson, Alison. |
| Relator term |
რედაქტორი |
| 9 (RLIN) |
10709 |
| 700 1# - ADDED ENTRY--PERSONAL NAME |
| Personal name |
Tamhne, Rashmin. |
| Relator term |
რედაქტორი |
| 9 (RLIN) |
10710 |
| 700 1# - ADDED ENTRY--PERSONAL NAME |
| Personal name |
Law, James Christopher, |
| Dates associated with a name |
1956- |
| Relator term |
რედაქტორი |
| 9 (RLIN) |
10711 |
| 942 ## - ADDED ENTRY ELEMENTS (KOHA) |
| Source of classification or shelving scheme |
|
| Koha item type |
წიგნი |